|
|
|
|
| LEADER |
01317nam a2200349Ia 4500 |
| 001 |
EBC1608809 |
| 003 |
MiAaPQ |
| 005 |
20200520144314.0 |
| 006 |
m o d | |
| 007 |
cr cn||||||||| |
| 008 |
090903s2009 dcu s i000 0 eng d |
| 035 |
|
|
|a (MiAaPQ)EBC1608809
|
| 035 |
|
|
|a (Au-PeEL)EBL1608809
|
| 035 |
|
|
|a (CaPaEBR)ebr10368766
|
| 035 |
|
|
|a (OCoLC)870245464
|
| 040 |
|
|
|a MiAaPQ
|c MiAaPQ
|d MiAaPQ
|
| 050 |
|
4 |
|a HD5706
|b .R633 2009
|
| 100 |
1 |
|
|a Roca, Mauro.
|
| 245 |
1 |
0 |
|a Search in the labor market under imperfectly insurable income risk
|h [electronic resource] /
|c prepared by Mauro Roca.
|
| 260 |
|
|
|a Washington, D.C. :
|b International Monetary Fund, Research Dept.,
|c 2009.
|
| 300 |
|
|
|a 38 p.
|
| 490 |
1 |
|
|a IMF working paper ;
|v WP/09/188
|
| 500 |
|
|
|a "September 2009."
|
| 533 |
|
|
|a Electronic reproduction. Ann Arbor, MI : ProQuest, 2015. Available via World Wide Web. Access may be limited to ProQuest affiliated libraries.
|
| 650 |
|
0 |
|a Unemployment.
|
| 650 |
|
0 |
|a Labor market.
|
| 650 |
|
0 |
|a Unemployment insurance.
|
| 655 |
|
4 |
|a Electronic books.
|
| 710 |
2 |
|
|a International Monetary Fund.
|b Research Dept.
|
| 710 |
2 |
|
|a ProQuest (Firm)
|
| 830 |
|
0 |
|a IMF working paper ;
|v WP/09/188.
|
| 856 |
4 |
0 |
|u https://ebookcentral.proquest.com/lib/matrademy/detail.action?docID=1608809
|z Click to View
|